Animal science in action Investigations

This book contains 21 practical investigations which are suitable for use in the classroom along with many other suggestions individual project work

Tallennettuna:
Bibliografiset tiedot
Päätekijä: Caroline Barnes
Aineistotyyppi: Kirja
Kieli:Undetermined
Julkaistu: London Hodder and Stoughton 1995
Aiheet:
Tagit: Lisää tagi
Ei tageja, Lisää ensimmäinen tagi!
Thư viện lưu trữ: Trung tâm Học liệu Trường Đại học Cần Thơ
LEADER 00701nam a2200217Ia 4500
001 CTU_15003
008 210402s9999 xx 000 0 und d
020 |b 110df 
082 |a 636 
082 |b B261 
100 |a Caroline Barnes 
245 0 |a Animal science in action 
245 0 |b Investigations 
245 0 |c Caroline Barnes 
260 |a London 
260 |b Hodder and Stoughton 
260 |c 1995 
520 |a This book contains 21 practical investigations which are suitable for use in the classroom along with many other suggestions individual project work 
650 |a animal products - analysis 
904 |i Minh, 970107 
980 |a Trung tâm Học liệu Trường Đại học Cần Thơ